| 000 | 00431cam a2200181 4500 | ||
|---|---|---|---|
| 001 | D2639 | ||
| 008 | 090401t1963 xxu||||| |||| 00| 0 eng d | ||
| 035 | _a(Sirsi) u70078 | ||
| 041 | _aeng | ||
| 050 | _a526.9 | ||
| 110 |
_aCommonwealth Survey Officers _92586 |
||
| 245 | _aConference 1963: report of proceedings | ||
| 260 |
_aLondon _bHMSO _c1963 |
||
| 300 | _a2v. 33cm | ||
| 350 | _a8.75 | ||
| 942 | _n0 | ||
| 948 | _c04/03/1997 | ||
| 999 |
_c95281 _d95281 |
||